000 00429nam a2200181Ia 4500
003 STCL
008 230726s9999 xx 000 0 und d
020 _a9780008115272
040 _aSTCL
_cSTCL
_bEN
082 _222
100 _aAdichie, Chimmanda Ngozi
245 0 _aWe should all be feminists
260 _bFourth Estate
_aLondon
_c2014
300 _a52 p
365 _b299
546 _aEnglish
942 _2DDC
_e22
_cBKDDC
999 _c89880
_d89880